000 00701nam a2200205 a 4500
005 20140310183457.0
008 091109s19uu xx 00 eng d
020 _a9780415995849
050 _aLB 1027.5
_b.H4365 2009
100 _aHenderson, Patricia
245 _aThe new handbook of administrative supervision in counseling /
_cPatricia Henderson.
260 _aNew York :
_bRoutledge,
_c2009.
300 _a368 p. :
_c25 cm.
521 _aEDU
650 _aEducational counseling
_xUnited States
_xAdministration
_xHandbooks, manuals, etc.
650 _aStudent counselors
_xUnited States.
650 _aSchool personnel management
_xUnited States.
942 _cBK
_2lcc
_kFOR
999 _c23715
_d23715